|
|
|
|
| LEADER |
00000nkmaa2200000 a 4500 |
| 001 |
vtls012017773 |
| 003 |
SK-MaSNL |
| 005 |
20260331212115.0 |
| 007 |
kh bo |
| 008 |
230802n xo | ||00 k|hun |
| 035 |
|
|
|a urn:nbn:sk:snk-km00g30b
|
| 035 |
|
|
|a urn:nbn:sk:snk-km45s9d
|
| 035 |
|
|
|a B33DF80E-B9B4-486A-A212-87C33623AF44
|
| 040 |
|
|
|a SNKLA
|b slo
|c SNKLA
|e AACR2
|
| 041 |
0 |
|
|a hun
|
| 044 |
|
|
|a xo
|c SK
|
| 100 |
1 |
|
|a Socháň, Pavol,
|d 1862-1941
|4 pht
|9 40167
|
| 245 |
1 |
0 |
|a [Anna Filipová s bratom Jánom Vanovičom]
|h grafika
|
| 260 |
|
|
|a [S.l.
|b s.n.
|c s.a.]
|
| 300 |
|
|
|a 1 fotografia
|b čb
|c 17 x 11 cm
|
| 500 |
|
|
|a Fotografia je spracovaná pod rodným menom Vanovičová, Anna.
|
| 520 |
2 |
|
|a Zobrazenie: Anna Filipová, rod. Vanovičová s bratom Jánom v detskom veku.
|
| 600 |
1 |
7 |
|a Filipová, Anna,
|d 1905-1978
|2 SNKLA
|9 442253
|
| 600 |
1 |
7 |
|a Vanovič, Ján,
|d 1907-1973
|2 SNKMA
|9 37999
|
| 655 |
|
7 |
|a fotografie
|2 SNKPH
|9 70713
|
| 852 |
|
|
|a Slovenská národná knižnica
|b Literárny archív
|
| 852 |
7 |
|
|a Slovenská národná knižnica
|b Literárny archív
|
| 958 |
|
|
|a ZO
|
| 958 |
|
|
|a BLA
|
| 999 |
|
|
|c 697197
|d 699127
|
| 952 |
|
|
|a SNKLA
|b SNKLA
|c SNKLA_DEP
|y NEVYP
|7 0
|p 17A1311801
|o snkSV 10/22
|i snkLA 429/1967
|0 0
|1 0
|4 0
|d 2021-03-12
|f 1
|l 0
|r 2026-02-23 20:46:01
|w 2026-02-23
|